| 000 | 00392nam a2200145Ia 4500 | ||
|---|---|---|---|
| 008 | 220726s9999||||xx |||||||||||||| ||und|| | ||
| 020 | _a97881747322392 | ||
| 082 |
_a610 _bGup/D |
||
| 100 | _aGupta, L. C. & Gupta, Abhishek & Gupta, Kusum | ||
| 245 | 0 | _aGupta-Dictionary of Pharmacy: Section: 1-3 | |
| 250 | _aN/A | ||
| 260 |
_aDelhi _bAITBS Publishers _c2023 |
||
| 300 | _a334 | ||
| 942 | _cPB | ||
| 999 |
_c38097 _d38097 |
||